Sports Quiz

Random Sports or WWE Quiz

Every WrestleMania Match 1-31! Quiz Stats

 Plays Quiz Updated Jul 7, 2016

Challenge
Share
Tweet
Embed
Score 0/300 Timer 12:00
6 Plays Today
Match % Correct
The Rock vs. Hulk Hogan
98.4%
Randy Orton vs. John Cena vs. Triple H
97.7%
Hulk Hogan vs. Andre the Giant
97.6%
Hulk Hogan vs. Andre the Giant
97.6%
Hulk Hogan vs. Randy Savage
97.5%
The Undertaker vs. Triple H
97.5%
The Undertaker vs. Triple H
97.5%
Hulk Hogan & Mr. T vs. Roddy Piper & Paul Orndorff
97.5%
Hulk Hogan vs. Vince McMahon
97.5%
Money, inc. vs. Hulk Hogan & Brutus Beefcake
97.5%
Evolution vs. The Rock & Mick Foley
97.4%
Triple H vs. The Rock vs. Mick Foley vs. The Big Show
97.4%
The Undertaker vs. Triple H
97.4%
The Undertaker vs. Randy Orton
97.4%
The Undertaker vs. Shawn Michaels
97.4%
The Undertaker vs. Shawn Michaels
97.4%
The Ultimate Warrior vs. Hulk Hogan
97.3%
Hulk Hogan vs. Yokozuna
97.2%
John Cena vs. Shawn Michaels
97.2%
The Undertaker vs. King Kong Bundy
97.2%
Hulk Hogan vs. King Kong Bundy
97.2%
The Undertaker vs. Jake Roberts
97.1%
The Undertaker vs. The Big Show & A-Train
97.1%
The Undertaker vs. Edge
97%
Hulk Hogan vs. Sid Justice
97%
John Cena vs. Triple H
97%
The Rock vs. John Cena
97%
Hulk Hogan vs. Sgt. Slaughter
97%
The Undertaker vs. Kane
96.9%
The Undertaker vs. Kane
96.9%
The Undertaker vs. Ric Flair
96.9%
John Cena vs. The Rock
96.9%
Chris Benoit vs. Triple H vs. Shawn Michaels
96.8%
Triple H vs. Owen Hart
96.7%
The Undertaker vs. Batista
96.7%
John Cena vs. Edge vs. Big Show
96.7%
The Undertaker vs. The Big Boss Man
96.6%
The Undertaker vs. Diesel
96.6%
Triple H vs. Randy Orton
96.6%
The Undertaker vs. CM Punk
96.6%
Brock Lesnar vs. The Undertaker
96.6%
The Undertaker vs. Jimmy Snuka
96.4%
The Undertaker vs. Sycho Sid
96.4%
The Undertaker vs. Mark Henry
96.4%
Kane vs. Triple H
96.3%
The Ultimate Warrior vs. Triple H
96.2%
Kennedy vs. Edge vs. CM Punk vs. Booker vs. Jeff Hardy vs. Matt Hardy vs. Finlay vs. Orton
96.1%
Shawn Michaels vs. Bret Hart
96%
The Undertaker vs. Giant Gonzalez
96%
Steve Austin vs. Shawn Michaels
95.9%
The Undertaker vs. Bray Wyatt
95.8%
Andre the Giant wins a battle royal
95.7%
John Cena vs. The Big Show
95.7%
Triple H vs. Chris Jericho
95.7%
Edge vs. Jericho vs. Benjamin vs. Benoit vs. Christian vs. Kane
95.6%
Cesaro wins a battle royal
95.7%
Kane vs. Randy Orton
95.6%
Triple H vs. Brock Lesnar
95.6%
Bret Hart vs. Steve Austin
95.5%
Batista vs. Triple H
95.3%
Shawn Michaels vs. Chris Jericho
95.3%
CM Punk vs. Kane vs. Henry vs. MVP vs. Benjamin vs. Kingston vs. Christian vs. Finlay
95.2%
Chris Jericho vs. Roddy Piper, Ricky Steamboat & Jimmy Snuka
95.2%
Daniel Bryan vs. Triple H
95.2%
Jack Swagger wins Money in the Bank
95.1%
Shawn Michaels vs. Ric Flair
95%
Randy Orton vs. Cody Rhodes vs. Ted DiBiase
94.9%
The Shield vs. Kane & The New Age Outlaws
94.9%
Triple H vs. Sheamus
94.9%
Kurt Angle vs. Shawn Michaels
94.9%
Rey Mysterio vs. Randy Orton vs. Kurt Angle
94.9%
Triple H vs. Goldust
94.8%
Triple H vs. Booker T
94.8%
Kane, Big Show, Santino Marella & Kofi Kingston vs. The Corre
94.8%
The Twin Towers vs. The Rockers
94.8%
Shawn Michaels vs. El Matador
94.7%
Daniel Bryan vs. Randy Orton vs. Batista
94.6%
Team Hell No! vs. Dolph Ziggler & Big E Langston
94.6%
Shawn Michaels vs. Vince McMahon
94.6%
John Cena vs. John Bradshaw Layfield
94.5%
Bret Hart vs. Roddy Piper
94.5%
John Cena vs. Batista
94.5%
Steve Austin vs. The Rock
94.4%
Steve Austin vs. The Rock
94.4%
The Rock vs. Steve Austin
94.4%
Big Show & Kane vs. Carlito & Chris Masters
94.4%
Kane vs. Raven vs. The Big Show
94.3%
Bad News Brown wins a battle royal
94.2%
Diesel vs. Shawn Michaels
94.2%
Razor Ramon vs. Shawn Michaels
94.1%
Triple H vs. Sting
94%
The Rockers vs. The Barbarian & Haku
94%
The Miz vs. John Cena
93.9%
Bret Hart vs. Vince McMahon
93.8%
The Shield vs. Sheamus, Randy Orton & Big Show
93.7%
Kurt Angle vs. Kane
93.6%
Randy Orton vs. CM Punk
93.5%
Randy Savage vs. Ric Flair
93.5%
Owen Hart & British Bulldog vs. Mankind & Vader
93.4%
John Cena vs. Bray Wyatt
93.4%
Match % Correct
Rikishi & Kane vs. X-Pac & Road Dogg
93.4%
Vader, Owen Hart & British Bulldog vs. Yokozuna, Jake Roberts & Ahmed Johnson
93.4%
The Orient Express vs. The Rockers
93.3%
The Hart Foundation & Danny Davis vs The British Bulldogs & Tito Santana
93.3%
Rocky Maivia vs. The Sultan
93.2%
Tatanka vs. Shawn Michaels
93.1%
The Hart Foundation vs. Honky Tonk Man & Greg Valentine
93%
Randy Orton vs. Seth Rollins
92.9%
RVD vs. Benjamin vs. Flair vs. Finlay vs. Matt Hardy vs. Lashley
92.8%
Chris Jericho vs. Edge
92.7%
John Cena vs. Rusev
92.7%
Yokozuna vs. Bret Hart
92.6%
Bret Hart vs. Yokozuna
92.6%
The Rock vs. Ken Shamrock
92.6%
Edge vs. Mick Foley
92.4%
Kane vs. Chavo Guerrero
92.4%
CM Punk vs. Benjamin vs. Jericho vs. Carlito vs. MVP vs. Kennedy vs. Morrison
92.3%
Dusty Rhodes & Sapphire vs. Randy Savage & Sherri
92.3%
The Ultimate Warrior vs. Randy Savage
92.3%
The Hart Foundation vs. The Bolsheviks
92.1%
Edge & Christian vs. The Dudley Boyz vs. The Hardy Boyz
92%
Edge & Christian vs. The Dudley Boyz vs. The Hardy Boyz
92%
Owen Hart vs. Bret Hart
91.9%
Randy Savage vs. Ted DiBiase
91.9%
Bret Hart vs. Bob Backlund
91.8%
Steve Austin vs. Scott Hall
91.8%
The Nasty Boys vs. The Hart Foundation
91.7%
Owen Hart & Yokozuna vs. The Smoking Gunns
91.7%
CM Punk vs. Chris Jericho
91.4%
Team Johnny vs. Team Teddy
91.3%
Daniel Bryan wins 7-man ladder match
91.2%
Ricky Steamboat vs. Randy Savage
91.2%
The Miz & Big Show vs. John Morrison & R-Truth
91.1%
Brock Lesnar vs. Roman Reigns vs. Seth Rollins
91.1%
Jake Roberts vs. Andre the Giant
90.9%
The Big Show vs. Cody Rhodes
90.9%
Edge vs. Booker T
90.5%
Randy Savage vs. Greg Valentine
90.3%
Billy & Chuck vs. The APA vs. The Dudley Boyz vs. The Hardy Boyz
90.3%
The Great Khali vs. Kane
90.3%
Owen Hart & Jeff Jarrett vs. D'Lo Brown & Test
90.3%
Mr. Perfect vs. The Blue Blazer
90.1%
Christian vs. Chris Jericho
90.1%
Edge vs. Alberto Del Rio
90.1%
Randy Savage vs. George Steele
89.9%
Randy Savage vs. One Man Gang
89.8%
Randy Savage vs. Crush
89.8%
Demolition vs. Andre the Giant & Haku
89.5%
Randy Savage vs. Butch Reed
89.5%
Brock Lesnar vs. Kurt Angle
89.1%
Roddy Piper vs. Goldust
88.9%
Legion of Doom wins a battle royal
88.8%
Chris Benoit vs. Kurt Angle vs. Chris Jericho
88.7%
Mankind vs. The Big Show
88.6%
Owen Hart vs. Skinner
88.3%
Matt Hardy vs. Rey Mysterio
88.3%
Rey Mysterio vs. CM Punk
88.2%
The Ringmaster vs. Savio Vega
87.7%
Cactus Jack & Chainsaw Charlie vs. The New Age Outlaws
87.7%
Kurt Angle vs. Chris Benoit
87.7%
Eddie Guerrero vs. Kurt Angle
87.4%
The Can-Am Connection vs. Bob Orton & Don Muraco
87.3%
Mr. T vs. Roddy Piper
86.9%
Roddy Piper vs. Bad News Brown
86.8%
Ted DiBiase vs. Jake Roberts
86.6%
Andre the Giant vs. Big John Studd
86.6%
Floyd Mayweather vs. The Big Show
86.3%
Akebono vs. The Big Show
86.2%
Chris Jericho vs. William Regal
86.1%
Team Angle vs. Los Guerreros vs. Chris Benoit & Rhyno
86%
Cody Rhodes vs. Rey Mysterio
85.9%
John Bradshaw Layfield vs. Chris Benoit
85.9%
Roddy Piper vs. Adrian Adonis
85.7%
Rey Mysterio vs. Eddie Guerrero
85.4%
Fandango vs. Chris Jericho
85.4%
Rey Mysterio vs. John Bradshaw Layfield
85.1%
Chavo Guerrero wins Cruiserweight Open
84.8%
The Big Boss Man, Virgil, Sgt. Slaughter & Jim Duggan vs. The Nasty Boys, Repo Man & The Mountie
84.6%
The Ultimate Warrior vs. Hercules
84.4%
Rick Rude vs. The Ultimate Warrior
84.4%
RVD & Booker T vs. Garrison Cade & Mark Jindrak vs. The Dudley Boyz vs. La Resistance
84.1%
Brutus Beefcake vs. Ted DiBiase
83.3%
Too Cool vs. WGTT vs. Basham Brothers vs. The APA
83%
Santina Marella wins a battle royal
83%
The British Bulldogs vs The Dream Team
82.9%
The Natural Disasters vs. Money, Inc.
82.9%
Ted DiBiase vs. Jim Duggan
82.8%
AJ Lee wins 14-Diva Match
82.7%
Ted DiBiase vs. Don Muraco
82.5%
Too Cool & Chyna vs. The Radicalz
82.3%
John Morrison, Trish Stratus & Snooki vs. Dolph Ziggler, Layla & Michelle McCool
82%
Sheamus vs. Daniel Bryan
81.9%
Rick Rude vs. Jake Roberts
81.5%
Hardcore Holly wins battle royal
81.3%
The Iron Sheik wins a battle royal
81.1%
Greg Valentine vs. Ricky Steamboat
81%
Tazz & The APA vs. Right to Censor
80.9%
Road Dogg vs. Ken Shamrock vs. Goldust vs. Val Venis
80.6%
Chris Benoit vs. Montel Vontavious Porter
80.5%
Jake Roberts vs. Rick Martel
80.5%
Match % Correct
Evil Divas vs. Good Divas
80.4%
Matt Hardy vs. Jeff Hardy
80.3%
Lex Luger & British Bulldog vs. The Blu Brothers
80.2%
Goldberg vs. Brock Lesnar
80%
Ricky Steamboat vs. Matt Borne
79.9%
Batista vs. Umaga
79.9%
Virgil vs. Ted DiBiase
79.7%
Ricky Steamboat vs. Hercules Hernandez
79.6%
Shane McMahon vs. X-Pac
79.5%
The Honky Tonk Man vs. Jake Roberts
79.1%
Eddie Guerrero vs. Test
79%
The Big Boss Man vs. Mr. Perfect
78.9%
Brutus Beefcake vs. Mr. Perfect
78.5%
The Islanders & Bobby Heenan vs. The British Bulldogs & Koko B. Ware
78.5%
Demolition vs. Strike Force
78.5%
Diamond Dallas Page vs. Christian
78.2%
Rick Rude vs. Jimmy Snuka
77.8%
Lex Luger vs. Mr. Perfect
77.6%
The Dream Team vs. The Rougeau Brothers
77.6%
Jake Roberts vs. George Wells
77.4%
Big Boss Man & Bull Buchanan vs. The Godfather & D'Lo Brown
77.3%
Shane McMahon vs. Vince McMahon
75.9%
The Legion of Doom vs. Power and Glory
75.9%
The Brain Busters vs. Strike Force
75.8%
The Headbangers vs. The New Blackjacks vs. The Godwinns vs. Doug Furnas & Phil LaFon
75.6%
John Bradshaw Layfield vs. Finlay
75.4%
Yokozuna vs. Lex Luger
75%
Razor Ramon vs. Jeff Jarrett
74.7%
Jazz vs. Trish Stratus vs. Lita
74.7%
Razor Ramon vs. Bob Backlund
74.3%
The Legion of Doom & Ahmed Johnson vs. The Nation of Domination
73.8%
Mickie James vs. Trish Stratus
73.8%
The British Bulldog vs. The Warlord
73.6%
Terry & Hoss Funk vs. Junkyard Dog & Tito Santana
73.6%
Jim Duggan vs. Bad News Brown
73.1%
Men on a Mission vs. The Quebecers
72.9%
Trish Stratus vs. Victoria vs. Jazz
72.9%
The Big Boss Man vs. Akeem
72.7%
King Kong Bundy vs. SD Jones
72.1%
Brutus Beefcake vs. Honky Tonk Man
72%
Trish Stratus vs. Christy Hemme
72%
Jim Duggan vs. Dino Bravo
71.9%
Hillbilly Jim, The Haiti Kid & Little Beaver vs. King Kong Bundy, Little Tokyo & Lord Littlebrook
71.7%
Earthquake vs. Greg Valentine
71.6%
Marc Mero & Sable vs. Goldust & Luna
71.4%
Junkyard Dog vs. Greg Valentine
70.9%
AJ Lee & Paige vs. The Bella Twins
70.5%
The Mountie vs. Tito Santana
70%
Rob Van Dam vs. William Regal
69.7%
David Sammartino vs. Brutus Beefcake
69.2%
Hardcore Holly vs. Billy Gunn vs. Al Snow
69.1%
Earthquake vs. Hercules
68.7%
The Barbarian vs. Tito Santana
68.6%
Paul Orndorff vs. Don Muraco
68.6%
Hercules vs. King Haku
68.6%
Tito Santana vs. The Executioner
68.4%
Don Muraco vs. Dino Bravo
68.2%
One Man Gang vs. Bam Bam Bigelow
67.9%
Bam Bam Bigelow & Luna vs. Doink the Clown & Dink
67.9%
ECW Originals vs. The New Breed
67.4%
Tenryu & Kitao vs. Demolition
66.7%
Rick Martel vs. Koko B. Ware
66.4%
Doink the Clown vs. Crush
66.4%
T & A vs. Head Cheese
65.5%
Demolition vs. The Powers of Pain & Mr. Fuji
65.4%
Lawrence Taylor vs. Bam Bam Bigelow
64.9%
Mark Henry vs. Ryback
64.8%
Michael Cole vs. Jerry Lawler
64.6%
Alberto Del Rio vs. Jack Swagger
64.5%
The Boogeyman vs. Booker T & Sharmell
63.9%
Maven vs. Goldust
63.7%
Billy Jack Haynes vs. Hercules
63.6%
Tatanka vs. Rick Martel
63.6%
Nikolai Volkoff & the Iron Sheik vs. The U.S. Express
63.2%
The Steiner Brothers vs. The Headshrinkers
60.3%
The Iron Sheik & Nikolai Volkoff vs. The Killer Bees
59.4%
Butch Reed vs. Koko B. Ware
59.2%
The Texas Tornado vs. Dino Bravo
58.5%
Butterbean vs. Bart Gunn
57.7%
Bobby Lashley vs. Umaga
57.5%
Chyna vs. Ivory
57.4%
Harley Race vs. Junkyard Dog
57.3%
Dino Bravo vs. Ronnie Garvin
57.1%
Torrie Wilson & Sable vs. Stacy Keibler & Miss Jackie
55.1%
Victoria vs. Molly Holly
54.9%
Earthquake vs. Adam Bomb
52.8%
Kelly Kelly & Maria Menounos vs. Beth Phoenix & Eve
51.5%
The Bushwhackers vs. The Fabulous Rougeaus
50.8%
Adrian Adonis vs. Uncle Elmer
49.7%
Beth Phoenix & Melina vs. Maria & Ashley
49.4%
Sable vs. Tori
49%
The Red Rooster vs. Bobby Heenan
48.8%
Corporal Kirchner vs. Nikolai Volkoff
47%
The Fabulous Moolah vs. Velvet McIntyre
44.4%
Wendi Richter vs. Leilani Kai
43.9%
Torrie Wilson vs. Candice Michelle
41.7%
Alundra Blayze vs. Leilani Kai
40.5%
Melina vs. Ashley
38.5%
Terri Runnels vs. The Kat
30.8%
Taka Michinoku vs. Aguila
28.2%

You're not logged in!

Compare scores with friends on all Sporcle quizzes.
Join for Free
OR
Log In

You Might Also Like...

Show Comments

Extras

Top Quizzes Today


Score Distribution

Your Account Isn't Verified!

In order to create a playlist on Sporcle, you need to verify the email address you used during registration. Go to your Sporcle Settings to finish the process.

Report this User

Report this user for behavior that violates our Community Guidelines.

Details: